<?xml version="1.0" encoding="UTF-8"?>
<record
    xmlns:xsi="http://www.w3.org/2001/XMLSchema-instance"
    xsi:schemaLocation="http://www.loc.gov/MARC21/slim http://www.loc.gov/standards/marcxml/schema/MARC21slim.xsd"
    xmlns="http://www.loc.gov/MARC21/slim">

  <leader>03219nam a22003374c 4500</leader>
  <controlfield tag="003">AR-BaSMT</controlfield>
  <controlfield tag="008">260327t2018     ag||||gr|||| 001 1 spa d</controlfield>
  <datafield tag="020" ind1=" " ind2=" ">
    <subfield code="a">9789507535765</subfield>
  </datafield>
  <datafield tag="040" ind1=" " ind2=" ">
    <subfield code="a">BSGB</subfield>
    <subfield code="b">espa&#xF1;ol</subfield>
    <subfield code="e">rda</subfield>
  </datafield>
  <datafield tag="041" ind1="0" ind2=" ">
    <subfield code="a">spa</subfield>
    <subfield code="h">espa&#xF1;ol</subfield>
  </datafield>
  <datafield tag="080" ind1=" " ind2=" ">
    <subfield code="a">82-1</subfield>
  </datafield>
  <datafield tag="245" ind1="0" ind2="0">
    <subfield code="a">Poes&#xED;a hispanoamericana : </subfield>
    <subfield code="b">del Barroco al Modernismo : antolog&#xED;a.</subfield>
  </datafield>
  <datafield tag="250" ind1=" " ind2=" ">
    <subfield code="a">1a edici&#xF3;n.</subfield>
  </datafield>
  <datafield tag="264" ind1=" " ind2=" ">
    <subfield code="a">Buenos Aires : </subfield>
    <subfield code="b">C&#xE1;ntaro, </subfield>
    <subfield code="c">2018</subfield>
  </datafield>
  <datafield tag="300" ind1=" " ind2=" ">
    <subfield code="a">160 p&#xE1;ginas.</subfield>
  </datafield>
  <datafield tag="336" ind1=" " ind2=" ">
    <subfield code="a">Texto</subfield>
  </datafield>
  <datafield tag="337" ind1=" " ind2=" ">
    <subfield code="a">Sin mediaci&#xF3;n</subfield>
  </datafield>
  <datafield tag="338" ind1=" " ind2=" ">
    <subfield code="a">Vol&#xFA;men</subfield>
  </datafield>
  <datafield tag="490" ind1=" " ind2=" ">
    <subfield code="a">Colecci&#xF3;n Del Mirador</subfield>
    <subfield code="v">269</subfield>
  </datafield>
  <datafield tag="500" ind1=" " ind2=" ">
    <subfield code="a">Compilado por Karina Echevarr&#xED;a ; pr&#xF3;logo de Mar&#xED;a Soledad Silvestre.</subfield>
  </datafield>
  <datafield tag="504" ind1=" " ind2=" ">
    <subfield code="a">Bibliograf&#xED;a: p. [149-150].</subfield>
  </datafield>
  <datafield tag="504" ind1=" " ind2=" ">
    <subfield code="a">Incluye notas a pie de p&#xE1;gina.</subfield>
  </datafield>
  <datafield tag="505" ind1=" " ind2=" ">
    <subfield code="a">&#xCD;ndice
Puertas de acceso (p. 3) -- Sobre la poes&#xED;a. M&#xE9;trica, rima y recursos expresivos (p. 5) -- Poes&#xED;a hispanoamericana. Los per&#xED;odos hist&#xF3;ricos (p. 17) -- La obra (p. 25) -- Barroco (p. 25) -- Luis de Tejeda. Soliloquio primero (p. 27) -- Sor Juana In&#xE9;s de la Cruz. Redondillas (p. 31) ; Sonetos (p. 35): En perseguirme, mundo, qu&#xE9; interesas (p. 35) ; Este que ves, enga&#xF1;o colorido (p. 36) ; Detente, sombra de mi bien esquivo (p. 37) -- Carlos de Sig&#xFC;enza y G&#xF3;ngora. Primavera indiana (p. 39) -- Neoclasicismo (p. 49) -- Jos&#xE9; de Lavard&#xE9;n. Oda al Paran&#xE1; (p. 51) -- Andr&#xE9;s Bello. Alocuci&#xF3;n a la poes&#xED;a (p. 55) -- Bartolom&#xE9; Hidalgo. Cielito de la Independencia (p. 61) -- Juan Cruz Varela. Al 25 de mayo de 1838 (p. 65) ; De mi muerte (p. 71) -- Romanticismo (p. 73) -- Esteban Echeverr&#xED;a. La cautiva (frag.) (p. 75) -- Gertrudis G&#xF3;mez de Avellaneda. A &#xE9;l (p. 83) -- Jos&#xE9; M&#xE1;rmol. Las nubes (p. 85) -- Ricardo Palma. Navegando (p. 89) ; Misterio (p. 90) -- Jos&#xE9; Hern&#xE1;ndez. La vuelta de Mart&#xED;n Fierro (frag.) (p. 91) -- Rafael Obligado. La Pampa (p. 99) -- Modernismo (p. 105) -- Jos&#xE9; Mart&#xED;. Versos sencillos I (p. 107) ; Dos patrias (p. 111) -- Rub&#xE9;n Dar&#xED;o. Sonatina (p. 113) ; Lo fatal (p. 116) ; Yo soy aquel (p. 117) -- Amado Nervo. Mi verso (p. 123) ; Tibi Regina (p. 125) -- Leopoldo Lugones. El nido ausente (p. 127) ; A la patria (p. 128) ; A ti, &#xFA;nica (p. 132) ; Historia de mi muerte (p. 135) ; Paradis&#xED;aca (p. 136) -- Posmodernismo (p. 137) -- Evaristo Carriego. Tu secreto (p. 139) ; La silla que ahora nadie ocupa (p. 140) ; Caperucita roja, que se nos fue (p. 141) -- Alfonsina Storni. Duerme tranquilo (p. 143) ; Versos a la tristeza de Buenos Aires (p. 144) ; La caricia perdida (p. 145) ; La inquietud del rosal (p. 146) ; Voy a dormir (p. 147) -- Bibliograf&#xED;a (p. 149).</subfield>
  </datafield>
  <datafield tag="520" ind1=" " ind2=" ">
    <subfield code="a">La llegada del idioma castellano a Am&#xE9;rica marca el comienzo de una literatura hispanoamericana. Nuevos motivos, nuevos usos de la lengua, nuevas maneras de expresarse, de definirse y de contarse. La poes&#xED;a hispanoamericana, como un r&#xED;o, fluye y se alimenta de nuevos afluentes, arrastra sedimentos nativos y aflora en cascadas, manantiales y r&#xE1;pidos. El paisaje se transforma bajo su voz.</subfield>
  </datafield>
  <datafield tag="521" ind1=" " ind2=" ">
    <subfield code="a">P&#xFA;blico general</subfield>
  </datafield>
  <datafield tag="650" ind1=" " ind2="7">
    <subfield code="9">104</subfield>
    <subfield code="a">POES&#xCD;A</subfield>
  </datafield>
  <datafield tag="700" ind1="1" ind2=" ">
    <subfield code="a">Echevarr&#xED;a, Karina</subfield>
    <subfield code="e">compiladora</subfield>
    <subfield code="9">434</subfield>
  </datafield>
  <datafield tag="700" ind1="1" ind2=" ">
    <subfield code="a">Silvestre, Mar&#xED;a Soledad</subfield>
    <subfield code="e">prologuista </subfield>
    <subfield code="9">438</subfield>
  </datafield>
  <datafield tag="942" ind1=" " ind2=" ">
    <subfield code="2">udc</subfield>
    <subfield code="a">BOOK</subfield>
  </datafield>
  <datafield tag="999" ind1=" " ind2=" ">
    <subfield code="c">606</subfield>
    <subfield code="d">606</subfield>
  </datafield>
  <datafield tag="952" ind1=" " ind2=" ">
    <subfield code="0">0</subfield>
    <subfield code="1">0</subfield>
    <subfield code="2">ddc</subfield>
    <subfield code="4">0</subfield>
    <subfield code="a">BSGB</subfield>
    <subfield code="b">BSGB</subfield>
    <subfield code="c">Literatura Secundaria</subfield>
    <subfield code="e">Donaci&#xF3;n</subfield>
    <subfield code="i">000706</subfield>
    <subfield code="l">0</subfield>
    <subfield code="o">82-1 DET</subfield>
    <subfield code="p">000706</subfield>
    <subfield code="t">1</subfield>
    <subfield code="y">BOOK</subfield>
    <subfield code="f"></subfield>
  </datafield>
</record>
